| 000 | 01780cam a2200349 a 4500 | ||
|---|---|---|---|
| 003 | EG-GiCUC | ||
| 005 | 20250223030940.0 | ||
| 008 | 140310s2013 ua dh f m 000 0 eng d | ||
| 040 |
_aEG-GiCUC _beng _cEG-GiCUC |
||
| 041 | 0 | _aeng | |
| 049 | _aDeposite | ||
| 097 | _aPh.D | ||
| 099 | _aCai01.11.15.Ph.D.2013.Ma.U | ||
| 100 | 0 | _aMarwa Fouad Saad Mohamed Sharaf | |
| 245 | 1 | 0 |
_aUterine artery and subendometrial blood flow assessment in recurrent unexplained first trimesteric abortion / _cMarwa Fouad Saad Mohamed Sharaf ; Supervised Shamel Moustafa Hefny , Hala Fathi Sheba , Ahmed Taher Hashem |
| 246 | 1 | 5 | _aتقييم سريان الدم فى ما تحت بطانه الرحم والشريان الرحمى فى حالات الاجهاض المتكرر غير المبرر فى الاشهر الاولى للحمل |
| 260 |
_aCairo : _bMarwa Fouad Saad Mohamed Sharaf , _c2013 |
||
| 300 |
_a161 P. : _bcharts , facsimiles ; _c25cm |
||
| 502 | _aThesis (Ph.D.) - Cairo University - Faculty of Medicine - Department of Gynecology and Obstetrics | ||
| 520 | _aUnexplained recurrent miscarriage remains a frustrating problem for the clinician and a distressing condition for the affected couple. Our study was performed at performed Kasr Elaini maternity hospital outpatient clinic in which were classified into two groups | ||
| 530 | _aIssued also as CD | ||
| 653 | 4 | _aRecurrent pregancy loss | |
| 653 | 4 | _aSubendometrial blood flow by VOCAL | |
| 653 | 4 | _aUterine artery doppler | |
| 700 | 0 |
_aAhmed Taher Hashem , _eSupervisor |
|
| 700 | 0 |
_aHala Fathi Sheba , _eSupervisor |
|
| 700 | 0 |
_aShamel Moustafa Hefny , _eSupervisor |
|
| 856 | _uhttp://172.23.153.220/th.pdf | ||
| 905 |
_aNazla _eRevisor |
||
| 905 |
_aSoheir _eCataloger |
||
| 942 |
_2ddc _cTH |
||
| 999 |
_c45316 _d45316 |
||